000 00777cam a2200253 a 4500
001 655662
005 20240220010352.0
008 940902r19941994cau b 001 0 eng d
020 _a0745612776
020 _a0745612784 (pbk.)
040 _aNHC
_cNHC
_dDLC
082 _222
_a320.954.
_bREF.
100 1 _aBeck, Ulrich,
245 1 0 _aReflexive modernization :
_bpolitics, tradition and aesthetics in the modern social order /
_cUlrich Beck, Anthony Giddens and Scott Lash.
250 _a1st.
260 _aStanford, Calif. :
_bStanford University Press,
_c1994.
300 _aviii, 225 p. ;
650 0 _aSocial structure.
650 0 _aPostmodernism.
650 0 _aCivilization, Modern.
700 1 _aGiddens, Anthony.
_eedt
700 1 _aLash, Scott.
_eedt
942 _cL
999 _c431
_d431